|
|
|
|
| LEADER |
00000nab a2200000 a 4500 |
| 001 |
vtls000034875 |
| 003 |
SK-MaSNL |
| 005 |
20260303023513.0 |
| 008 |
160202c1979 xo 0 slo |
| 015 |
|
|
|a SNBRB19rr/mm-uuuuu
|
| 035 |
|
|
|a CL0044970
|
| 040 |
|
|
|a SNKBUCL
|b slo
|c SNKBUCL
|e AACR2
|
| 041 |
0 |
|
|a slo
|
| 044 |
|
|
|a xo
|c SK
|
| 080 |
|
|
|a 634.1/.7
|2 1981
|
| 080 |
|
|
|a 631.5
|2 1981
|
| 100 |
1 |
|
|a Bouchal, Josef
|4 aut
|9 1004781
|
| 245 |
1 |
0 |
|a Odrůdy jabloní skupiny Delicious (Red)
|c Josef Bouchal
|
| 650 |
0 |
7 |
|a ovocné stromy
|2 snkbucl
|9 70848
|
| 650 |
0 |
7 |
|a jablone
|2 snkbucl
|9 14762
|
| 655 |
|
7 |
|a články z novín a časopisov
|2 snkbucl
|9 267496
|
| 773 |
0 |
|
|t Záhradníctvo
|g Roč. 4, č. 7 (1979), s. 294-296
|
| 850 |
|
|
|a Slovenská národná knižnica v Martine
|a MTA001
|
| 852 |
|
|
|a SNK
|b KIS3GCP
|
| 958 |
|
|
|a RK
|
| 958 |
|
|
|a CZ
|
| 992 |
|
|
|a RBX
|
| 999 |
|
|
|c 1634883
|d 1636813
|